000 01068nam a2200253Ia 4500
003 OSt
005 20220930094951.0
006 a|||||r|||| 00| 0
007 ta
008 220926b |||||||| |||| 00| 0 hin d
024 _a62656
037 _cTheses
040 _aCRL
_cCRL
_bhin
041 _2hin
_ahin
100 _aमीणा, बलराम, ले.
110 _aदिल्ली विश्वविद्यालय. कला संकाय. हिन्दी विभाग
245 0 _aविशाल भरद्वाज और अनुराग कश्यप की फिल्मों का सांस्कृतिक अध्ययन
246 _aVishāl bharadvāj aur anurāg kashyap kī filmoan kā sāanskṛutik adhyayana
260 _c2018
300 _a298पृ0
_ap.
_ccm.
700 _aदिल्ली विश्वविद्यालय. कला संकाय. हिन्दी विभाग
942 _cDIS
_2CC
999 _c888075
_d888075